00650nam a22002057a 450000500170000001000140001702000230003103500130005403700130006708200140008010000170009424501240011126000360023527000580027130000230032950000190035265000190037165000240039065000300041420100803135128.0 aENG-97873 a8178242613c495.00 aEN-81406 bDBAD/PUB a070.50954 aStark,Ulrike aAn empire of books:bthe Naval Kishore Press and the diffusion of the printed word in colonial India /cby Ulrike Stark aRanikhetbPermanent Blackc2008 aHimalayana Mall Road Ranikhet CanttbRanikhete263645 axx,586pc21cm(pbk) aincludes index aHindi Imprints aNaval Kishore press aPublishers and publishing